00362 a2200133 4500003000500000005001700005040000900022082001700031100003100048245008600079260003900165300001100204650001300215NUST20230224123122.0 cNust a355.3095,MAS aMashallah, Brig: Muhammad  aApni Hifazat Aap / اپنی حفاظت آپ (Urdu) /cBrig: Muhammad Mashallah aMultanbAltaf Printing pressc2009 a228:p. asecurity